00554nam a22001697a 450000500170000001000140001702000260003103500130005703700130007008200080008310000240009124500640011526000450017927000830022430000270030750000500033420100723104331.0 aENG-96694 a9789380388168c950.00 aEN-80227 bDBAD/PUB a880 aParashar, Parmanand aEnglish literature in early period /cby Parmanand Parashar aNew DelhibD.P.S. Publishing Housec2010 aRoom No.213, 7/28, Mahavir Street, Ansari Road, Darya Ganj,bNew Delhie110002 avi, 332 p.c22 cm (Hb) aincludes bibliographical references and index